000
00232nam a2200109Ia 4500
008
240625s9999 xx 000 0 und d
041
_a
eng
082
_a
005.54 MIC
100
_a
MICROSOFT
245
_a
MIS COMPANION
260
_c
2014
999
_c
35121
_d
35121